Nástroje behaviorálnej ekonómie na zefektívnenie fungovania domácností diplomová práca

Uložené v:
Podrobná bibliografia
Hlavný autor: Belluš, Jozef
Korporativný autor: Národohospodárska fakulta EU. Katedra financií
Ďalší autori: Beličková, Kornélia, 1966-
Médium: Kniha
Jazyk:Slovak
Vydavateľské údaje: Bratislava 2022
Tagy: Pridať tag
Žiadne tagy, Buďte prvý, kto otaguje tento záznam!

MARC

LEADER 00000nbm a2200000 4500
001 0284021
005 20221025132132.4
041 0 |a slo 
044 |a SK 
245 1 0 |a Nástroje behaviorálnej ekonómie na zefektívnenie fungovania domácností  |b diplomová práca  |c Jozef Belluš ; školiteľ: Kornélia Beličková 
264 1 |a Bratislava  |c 2022 
300 |a 51 s. 
100 1 |a Belluš, Jozef 
700 1 |a Beličková, Kornélia, 1966- 
710 2 |a Národohospodárska fakulta EU. Katedra financií